[Event "Itapetininga 4th"]
[Site "Itapetininga"]
[Date "2012.11.05"]
[Round "3.1"]
[White "Pires, Thales de Almeida"]
[Black "Duarte, Carlos Eduardo Sant"]
[Result "1-0"]
[WhiteElo "1859"]
[BlackElo "1473"]
[PlyCount "51"]
[EventDate "2012.11.05"]
[EventType "tourn"]
[EventRounds "10"]
[EventCountry "BRA"]
[SourceTitle "EXT 2022"]
[Source "ChessBase"]
[SourceDate "2021.10.06"]
[SourceVersion "1"]
[SourceVersionDate "2021.10.06"]
[SourceQuality "1"]

1. g4 d5 2. Bg2 Bxg4 3. c4 Nf6 4. cxd5 Nxd5 5. Qb3 Be6 6. Qxb7 Nd7 7. Bxd5 Bxd5 8. Qxd5 Nb6 9. Qxd8+ Rxd8 10. Nf3 e6 11. Nc3 Bb4 12. a3 Bd6 13. d4 0-0 14. e4 Be7 15. b4 Bf6 16. e5 Be7 17. Rg1 g6 18. Bh6 Rfe8 19. Ne4 Nd5 20. h4 Bf8 21. Bxf8 Kxf8 22. h5 Nf4 23. Nf6 Re7 24. h6 Nd3+ 25. Kf1 Nf4 26. Ng5 1-0

[Event "Itapetininga 4th"]
[Site "Itapetininga"]
[Date "2012.11.05"]
[Round "2.1"]
[White "Venancio, Matheus J de Souza"]
[Black "Pires, Thales de Almeida"]
[Result "0-1"]
[WhiteElo "1578"]
[BlackElo "1859"]
[PlyCount "24"]
[EventDate "2012.11.05"]
[EventType "tourn"]
[EventRounds "10"]
[EventCountry "BRA"]
[SourceTitle "EXT 2022"]
[Source "ChessBase"]
[SourceDate "2021.10.06"]
[SourceVersion "1"]
[SourceVersionDate "2021.10.06"]
[SourceQuality "1"]

1. e4 c5 2. Nf3 a6 3. d4 cxd4 4. Nxd4 e6 5. Nc3 Qc7 6. Bd3 b5 7. a3 Bb7 8. 0-0 Nf6 9. Be3 Be7 10. Kh1 d6 11. f4 Nbd7 12. b4 Qxc3 0-1

[Event "Paulista-ch zt"]
[Site "Itapetininga"]
[Date "2012.10.13"]
[Round "4"]
[White "Pires, Thales de Almeida"]
[Black "Salama, Andre Sasson"]
[Result "1/2-1/2"]
[WhiteElo "1859"]
[BlackElo "1978"]
[PlyCount "82"]
[EventDate "2012.10.12"]
[EventType "swiss"]
[EventRounds "6"]
[EventCountry "BRA"]
[SourceTitle "CBM 151 Extra"]
[Source "ChessBase"]
[SourceDate "2012.12.18"]
[SourceVersion "1"]
[SourceVersionDate "2012.12.18"]
[SourceQuality "1"]

1. d4 Nf6 2. Nf3 e6 3. e3 b6 4. Bd3 Bb7 5. Nbd2 d5 6. Ne5 Nbd7 7. f4 Bd6 8. Qf3 c5 9. c3 Qc7 10. 0-0 Nf8 11. Re1 Ng6 12. Bb5+ Ke7 13. Bd3 Rhd8 14. g4 Kf8 15. g5 Ne8 16. Rf1 Kg8 17. Qg4 Qe7 18. Rf3 f5 19. gxf6 Nxf6 20. Qh3 Bxe5 21. fxe5 Ne4 22. Qg4 Rf8 23. Nxe4 dxe4 24. Bxe4 Rxf3 25. Bxf3 Bxf3 26. Qxf3 Rf8 27. Qe2 Qg5+ 28. Kh1 Qh4 29. Kg1 Qe4 30. Bd2 Nh4 31. Rf1 Rxf1+ 32. Kxf1 Qh1+ 33. Kf2 Qxh2+ 34. Kf1 Qh1+ 35. Kf2 Qg2+ 36. Ke1 Nf3+ 37. Kd1 Qxe2+ 38. Kxe2 Nxd2 39. Kxd2 h5 40. e4 g5 41. Ke3 h4 1/2-1/2

[Event "Paulista-ch zt"]
[Site "Itapetininga"]
[Date "2012.10.12"]
[Round "2"]
[White "Pires, Thales de Almeida"]
[Black "Duarte, Carlos Eduardo Sant"]
[Result "1-0"]
[WhiteElo "1859"]
[BlackElo "1473"]
[PlyCount "51"]
[EventDate "2012.10.12"]
[EventType "swiss"]
[EventRounds "6"]
[EventCountry "BRA"]
[SourceTitle "CBM 151 Extra"]
[Source "ChessBase"]
[SourceDate "2012.12.18"]
[SourceVersion "1"]
[SourceVersionDate "2012.12.18"]
[SourceQuality "1"]

1. Nc3 d5 2. d4 Nf6 3. Nf3 Bg4 4. Ne5 Bf5 5. e3 Nbd7 6. g4 Be6 7. Be2 Nxe5 8. dxe5 Ne4 9. 0-0 Nxc3 10. bxc3 c5 11. Rb1 Qc7 12. Bb5+ Bd7 13. Qxd5 Bxb5 14. Rxb5 e6 15. Qxb7 Qxb7 16. Rxb7 Be7 17. Ba3 h5 18. Rfb1 Rd8 19. Rxa7 h4 20. h3 f5 21. Rbb7 Rd1+ 22. Kg2 Bd8 23. Bxc5 fxg4 24. Rxg7 gxh3+ 25. Kxh3 Rh1+ 26. Kg2 1-0

[Event "Itapetininga op 3rd"]
[Site "Itapetininga"]
[Date "2011.11.07"]
[Round "7"]
[White "Pires, Thales de Almeida"]
[Black "Andrades, Jose Jorge Lopes"]
[Result "1-0"]
[WhiteElo "1795"]
[BlackElo "1876"]
[PlyCount "45"]
[EventDate "2011.11.06"]
[EventType "tourn"]
[EventRounds "14"]
[EventCountry "BRA"]
[SourceTitle "EXT 2022"]
[Source "ChessBase"]
[SourceDate "2021.10.06"]
[SourceVersion "1"]
[SourceVersionDate "2021.10.06"]
[SourceQuality "1"]

1. d4 e5 2. dxe5 Nc6 3. Nf3 Qe7 4. Qd5 Nb4 5. Qb3 a5 6. a3 Nc6 7. Bg5 Qc5 8. Bf4 d5 9. exd6 Bxd6 10. Bxd6 Qxd6 11. e3 Nf6 12. Nc3 0-0 13. Rd1 Qc5 14. Be2 Ne5 15. 0-0 b6 16. Nxe5 Qxe5 17. Bf3 Bg4 18. Bxa8 Bxd1 19. Rxd1 Rxa8 20. h3 g5 21. Qc4 h5 22. Nd5 Ne4 23. Qxe4 1-0

[Event "Itapetininga 240 anos"]
[Site "Itapetininga"]
[Date "2010.12.02"]
[Round "8"]
[White "Pires, Thales de Almeida"]
[Black "Blit, Jacques"]
[Result "0-1"]
[WhiteElo "1896"]
[BlackElo "2359"]
[PlyCount "114"]
[EventDate "2010.11.29"]
[EventType "tourn"]
[EventRounds "9"]
[EventCountry "BRA"]
[SourceTitle "EXT 2022"]
[Source "ChessBase"]
[SourceDate "2021.10.06"]
[SourceVersion "1"]
[SourceVersionDate "2021.10.06"]
[SourceQuality "1"]

1. d4 g6 2. b3 Bg7 3. Bb2 Nf6 4. Nf3 0-0 5. e3 d6 6. Be2 e5 7. dxe5 Ng4 8. c4 Nc6 9. Nc3 Ngxe5 10. 0-0 Re8 11. Qd2 a5 12. Rad1 Nd7 13. Nd5 Nc5 14. Bxg7 Kxg7 15. Qb2+ f6 16. Nd4 Nxd4 17. Qxd4 Be6 18. Nc3 Bd7 19. Bf3 Bc6 20. Bd5 Ra6 21. Qd2 Rb6 22. Bxc6 bxc6 23. Ne2 Qa8 24. Nc1 Reb8 25. Nd3 Nxd3 26. Qxd3 c5 27. Rb1 Rb4 28. f4 Qb7 29. Rf2 Re8 30. Rd2 a4 31. Kf2 Re4 32. Rc2 h6 33. g3 g5 34. h3 Qc6 35. Rc3 f5 36. Rd1 axb3 37. axb3 Rb8 38. Qd5 Qd7 39. Qxc5 Rbe8 40. fxg5 hxg5 41. Qd5 R8e5 42. Qd2 Re8 43. Rd3 f4 44. gxf4 Qxh3 45. Rg1 g4 46. Rg3 Qh2+ 47. Rg2 Qh4+ 48. Rg3 Kf7 49. Qa5 c5 50. Qc7+ R8e7 51. Qxd6 Qh2+ 52. Rg2 g3+ 53. Kf3 Qh5+ 54. Kxg3 Rxe3+ 55. Rxe3 Rxe3+ 56. Kf2 Qe2+ 57. Kg1 Qe1+ 0-1

[Event "Itapetininga Bernardes Memorial-B 2nd"]
[Site "Itapetininga"]
[Date "2010.10.14"]
[Round "4.3"]
[White "Branchini, Fernando Luis Sakam"]
[Black "Pires, Thales de Almeida"]
[Result "1/2-1/2"]
[WhiteElo "1866"]
[BlackElo "1897"]
[PlyCount "85"]
[EventDate "2010.10.12"]
[EventType "tourn"]
[EventRounds "10"]
[EventCountry "BRA"]
[SourceTitle "EXT 2022"]
[Source "ChessBase"]
[SourceDate "2021.10.06"]
[SourceVersion "1"]
[SourceVersionDate "2021.10.06"]
[SourceQuality "1"]

1. e4 c5 2. Nc3 e6 3. g3 Nc6 4. Bg2 g6 5. d3 Bg7 6. f4 Nge7 7. Nf3 a6 8. Be3 Nd4 9. e5 Nef5 10. Bf2 Qb6 11. Na4 Qc7 12. c3 Nxf3+ 13. Bxf3 Bf8 14. Qb3 Rb8 15. Qb6 Qxb6 16. Nxb6 d5 17. exd6 Bxd6 18. Nxc8 Rxc8 19. Bxb7 Rb8 20. Bc6+ Ke7 21. Rb1 Rb6 22. Be4 Nh6 23. d4 Rc8 24. h3 f5 25. dxc5 Bxc5 26. Bd3 Nf7 27. Bxc5+ Rxc5 28. Kf2 e5 29. fxe5 Nxe5 30. Be2 Rd5 31. b4 Rd2 32. Rhd1 Rxa2 33. Ra1 Rc2 34. Rd5 Ke6 35. Rda5 Rxc3 36. Rxa6 Rcc6 37. Rxb6 Rxb6 38. Ra6 Rxa6 39. Bxa6 g5 40. Bc8+ Kf6 41. Ke3 f4+ 42. gxf4 gxf4+ 43. Kxf4 1/2-1/2

[Event "Itapetininga Bernardes Memorial-B 2nd"]
[Site "Itapetininga"]
[Date "2010.10.14"]
[Round "3.2"]
[White "Pires, Thales de Almeida"]
[Black "Andrades, Jose Jorge Lopes"]
[Result "1/2-1/2"]
[WhiteElo "1897"]
[BlackElo "1854"]
[PlyCount "54"]
[EventDate "2010.10.12"]
[EventType "tourn"]
[EventRounds "10"]
[EventCountry "BRA"]
[SourceTitle "EXT 2022"]
[Source "ChessBase"]
[SourceDate "2021.10.06"]
[SourceVersion "1"]
[SourceVersionDate "2021.10.06"]
[SourceQuality "1"]

1. d4 d5 2. Nf3 Nc6 3. Nbd2 Bf5 4. a3 e6 5. e3 Bd6 6. b3 e5 7. Bb2 e4 8. Ne5 f6 9. Nxc6 bxc6 10. c4 Nh6 11. h3 0-0 12. Be2 Qd7 13. g4 Be6 14. c5 Be7 15. Nf1 f5 16. Rg1 fxg4 17. Bxg4 Bh4 18. Bxe6+ Qxe6 19. Ng3 Rf3 20. Qd2 Raf8 21. 0-0-0 Rxf2 22. Qa5 R2f3 23. Qxc7 R8f7 24. Qb8+ Rf8 25. Qc7 R8f7 26. Qb8+ Rf8 27. Qc7 R8f7 1/2-1/2

[Event "Itapetininga Alves Memorial"]
[Site "Itapetininga"]
[Date "2010.10.12"]
[Round "6.9"]
[White "Pires, Thales de Almeida"]
[Black "Aragao Neto, Joao Batista"]
[Result "1-0"]
[WhiteElo "1897"]
[BlackElo "1833"]
[PlyCount "83"]
[EventDate "2010.10.09"]
[EventType "swiss"]
[EventRounds "6"]
[EventCountry "BRA"]
[SourceTitle "EXT 2022"]
[Source "ChessBase"]
[SourceDate "2021.10.06"]
[SourceVersion "1"]
[SourceVersionDate "2021.10.06"]
[SourceQuality "1"]

1. d4 Nf6 2. Nf3 g6 3. b3 d5 4. Bb2 Bg7 5. e3 0-0 6. Bd3 Re8 7. 0-0 Nbd7 8. Nbd2 a6 9. h3 c5 10. c4 e6 11. Ne5 Nxe5 12. dxe5 Nd7 13. f4 Rb8 14. Qe2 Nb6 15. Rad1 a5 16. g4 a4 17. g5 Ra8 18. h4 axb3 19. axb3 Ra2 20. Nf3 Bd7 21. Bb1 Ra8 22. h5 Qc7 23. hxg6 fxg6 24. Rf2 Rad8 25. Nh2 Bc6 26. Ng4 dxc4 27. Rxd8 Rxd8 28. bxc4 Qd7 29. Bc2 Ba4 30. Kg2 Bxc2 31. Qxc2 Qc6+ 32. Kh2 Na4 33. Rd2 Rxd2+ 34. Qxd2 Nxb2 35. Nf6+ Kf7 36. Qxb2 Bxf6 37. exf6 Qc7 38. Qg2 Qd7 39. Kg3 Qc7 40. Qh3 Kf8 41. Qxe6 b6 42. Qd5 1-0

[Event "Itapetininga de Souza Memorial"]
[Site "Itapetininga"]
[Date "2010.08.28"]
[Round "2.7"]
[White "Pires, Thales de Almeida"]
[Black "Coelho, Tatiane Cristina"]
[Result "0-1"]
[WhiteElo "1897"]
[BlackElo "1846"]
[PlyCount "56"]
[EventDate "2010.08.28"]
[EventType "swiss"]
[EventRounds "5"]
[EventCountry "BRA"]
[SourceTitle "EXT 2022"]
[Source "ChessBase"]
[SourceDate "2021.10.06"]
[SourceVersion "1"]
[SourceVersionDate "2021.10.06"]
[SourceQuality "1"]

1. d4 Nf6 2. Nf3 c5 3. e3 g6 4. b3 Bg7 5. Bb2 0-0 6. Be2 cxd4 7. exd4 d5 8. 0-0 Nc6 9. Nbd2 Ne4 10. Re1 Bf5 11. a3 Qb6 12. Nf1 e5 13. Ne3 Nxd4 14. Nxd4 exd4 15. Nxd5 Qc5 16. Nb4 Nxf2 17. Kxf2 d3+ 18. Kf3 dxe2 19. Qc1 Bxb2 20. Qxb2 a5 21. Nd3 Qd5+ 22. Kf2 Rfe8 23. Ra2 Qe4 24. Kg1 Qe3+ 25. Nf2 Rad8 26. c3 Rd1 27. Ra1 Red8 28. g4 Bxg4 0-1

[Event "Itapetininga op"]
[Site "Itapetininga"]
[Date "2009.11.08"]
[Round "6.1"]
[White "Fieri, Isaac Pedroso"]
[Black "Pires, Thales de Almeida"]
[Result "1/2-1/2"]
[WhiteElo "2023"]
[BlackElo "1845"]
[PlyCount "112"]
[EventDate "2009.11.06"]
[EventType "swiss"]
[EventRounds "6"]
[EventCountry "BRA"]
[SourceTitle "EXT 2022"]
[Source "ChessBase"]
[SourceDate "2021.10.06"]
[SourceVersion "1"]
[SourceVersionDate "2021.10.06"]
[SourceQuality "1"]

1. c4 c5 2. Nc3 Nf6 3. Nf3 e6 4. g3 Be7 5. Bg2 0-0 6. 0-0 d5 7. cxd5 exd5 8. d4 a6 9. dxc5 Bxc5 10. Bg5 Be6 11. Bxf6 gxf6 12. Rc1 Nc6 13. e3 Bb4 14. Nd4 Qd7 15. Nxe6 fxe6 16. Qg4+ Kh8 17. Nxd5 f5 18. Qc4 exd5 19. Bxd5 a5 20. Rfd1 Qg7 21. Bxc6 bxc6 22. a3 Be7 23. Rd7 Qf6 24. Qxc6 Qxc6 25. Rxc6 Bf6 26. b4 axb4 27. axb4 Rab8 28. Rcc7 Rxb4 29. Rxh7+ Kg8 30. Rh5 Rb5 31. e4 Rb1+ 32. Kg2 fxe4 33. Rc4 Re1 34. Rf5 Bd8 35. Rxf8+ Kxf8 36. h4 Re2 37. Kf1 Rb2 38. Rxe4 Bb6 39. Rf4+ Kg7 40. Kg2 Kg6 41. g4 Ba7 42. g5 Bb6 43. Rf6+ Kg7 44. h5 Bd8 45. h6+ Kh7 46. Rf7+ Kg8 47. Rg7+ Kh8 48. Kg3 Bf6 49. gxf6 Rb3+ 50. Kh4 Rh3+ 51. Kg4 Rh4+ 52. Kf5 Rf4+ 53. Ke5 Rf5+ 54. Kd4 Rf4+ 55. Kd5 Rf5+ 56. Kc4 Rf4+ 1/2-1/2

[Event "Itapetininga op"]
[Site "Itapetininga"]
[Date "2009.11.07"]
[Round "2.1"]
[White "Herbst Neto, Eugenio"]
[Black "Pires, Thales de Almeida"]
[Result "0-1"]
[WhiteElo "1944"]
[BlackElo "1845"]
[PlyCount "94"]
[EventDate "2009.11.06"]
[EventType "swiss"]
[EventRounds "6"]
[EventCountry "BRA"]
[SourceTitle "EXT 2022"]
[Source "ChessBase"]
[SourceDate "2021.10.06"]
[SourceVersion "1"]
[SourceVersionDate "2021.10.06"]
[SourceQuality "1"]

1. d4 d5 2. Nf3 Nf6 3. Bf4 e6 4. Nc3 c5 5. e3 a6 6. Be2 cxd4 7. exd4 Bb4 8. 0-0 Nc6 9. Bd3 0-0 10. a3 Be7 11. Re1 b5 12. a4 b4 13. Ne2 a5 14. Ne5 Bb7 15. Nxc6 Bxc6 16. Ng3 Re8 17. Qf3 Nd7 18. Qh5 g6 19. Qh3 Bf6 20. Be5 Nxe5 21. dxe5 Bg7 22. Ne2 Bxe5 23. c3 bxc3 24. Nxc3 Bg7 25. Re2 Qd7 26. Nb5 Rec8 27. Rd1 Bxb5 28. Bxb5 Qd6 29. Qb3 Rc7 30. g3 Rac8 31. Kg2 h5 32. Bd3 Rc5 33. Rdd2 Rb8 34. Bb5 d4 35. Qd3 e5 36. Qf3 f5 37. Qb3+ Kh7 38. Qf7 Rc7 39. Qb3 e4 40. Qd1 d3 41. Bxd3 exd3 42. Rxd3 Qc6+ 43. Kh3 g5 44. Rd6 Qc4 45. Rd7 Rxd7 46. Qxd7 Qxe2 47. Qxf5+ Kh6 0-1

[Event "Itapetininga op"]
[Site "Itapetininga"]
[Date "2009.11.07"]
[Round "3.2"]
[White "Pires, Thales de Almeida"]
[Black "De Oliveira, Francemir Barra"]
[Result "1/2-1/2"]
[WhiteElo "1845"]
[BlackElo "1816"]
[PlyCount "72"]
[EventDate "2009.11.06"]
[EventType "swiss"]
[EventRounds "6"]
[EventCountry "BRA"]
[SourceTitle "EXT 2022"]
[Source "ChessBase"]
[SourceDate "2021.10.06"]
[SourceVersion "1"]
[SourceVersionDate "2021.10.06"]
[SourceQuality "1"]

1. d4 Nf6 2. Nf3 d5 3. e3 Bg4 4. Nbd2 e6 5. Bd3 Bd6 6. b3 Nbd7 7. h3 Bh5 8. Bb2 a6 9. 0-0 0-0 10. c4 c6 11. Qc2 Rc8 12. Ne5 Bg6 13. f4 Bxd3 14. Qxd3 Ne8 15. e4 f6 16. Ng4 f5 17. exf5 Rxf5 18. Ne5 Rh5 19. Rf3 Nf8 20. Raf1 g6 21. g4 Rh6 22. f5 Bxe5 23. dxe5 exf5 24. gxf5 gxf5 25. Qxf5 Ne6 26. Rg3+ N8g7 27. Qf7+ Kh8 28. Rf6 Rc7 29. Qxc7 Qxc7 30. Rxh6 Qb6+ 31. Kg2 Nf4+ 32. Kf1 Nge6 33. Nf3 Qe3 34. Ba3 Qe2+ 35. Kg1 Qd1+ 36. Kh2 Qe2+ 1/2-1/2